000 00923nam a2200277Ia 4500
003 OSt
005 20221005062424.0
006 a|||||r|||| 00| 0
007 ta
008 221004b |||||||| |||| 00| 0 eng d
020 _a9780415856560 (hbk)
_c8476.20
024 _a24724
037 _b068, 29/12/2015, Better Book Service
_cTextual
040 _aCRL
_cCRL
_beng
041 _2eng
_aeng
082 _aV491:195.P1, Q4
100 _aKrause Joachim Ed.
_9600813
245 0 _aAfghanistan, Pakistan and strategic change
_b Adjusting western regional policy
260 _aLondon
_bRoutlege UK
_c2014
300 _ax, 336p.
_ccm.
490 _aAsian security studies
650 _aHISTORY
700 _a Mallory Charles King Ed.
_9601804
942 _hV491:195.P1, Q4
_cTEXL
_2cc
999 _c969675
_d969675